000 00257nam a2200097Ia 4500
001 644226
005 20250826153600.0
008 250824s9999 xx 000 0 und d
245 0 _aPOLYANNA GENÇLİK KLASİKLERİ
_cELENOR H. PORTER
260 _bTİMAŞ ÇOCUK
999 _c644226
_d644226